000 00365nam a2200145Ia 4500
008 230917s9999||||xx |||||||||||||| ||und||
040 _e99564
_aMAIN
041 _aEnglish
082 _a301.412 R291W
100 _aRenavikar, Madhavi D
245 0 _aWomen and religion: sociological analysis
260 _aJaipur
_bRawat
_c2003
300 _a352 p.
942 _cBK
999 _c116651
_d116651